Les jeux vidéo les plus vendus par licence - Statistiques

Statistiques générales
  • Ce quiz a été pris 526 fois
  • Le résultat moyen est 10 sur 35
Statistiques - réponses
Licence Nombre de ventes Jeux % Correct
Super Mario 40,24M Super Mario Bros
78%
Pokémon 31,8M Pokémon Rouge, Vert et Bleu
63%
The Legend of Zelda 31,85M The Legend of Zelda: Breath of the Wild
62%
Final Fantasy 14,14M Final Fantasy VII
55%
The Legend of Zelda 7,6M The Legend of Zelda: Ocarina of Time
54%
Final Fantasy 11,98M Final Fantasy VIII
53%
Final Fantasy 15,25M Final Fantasy X
52%
Pokémon 17,67M Pokémon Diamant et Perle
50%
Final Fantasy 11,3M Final Fantasy XII
49%
Final Fantasy 10,5M Final Fantasy XV
49%
Pokémon 23,73M Pokémon Or et Argent
45%
The Legend of Zelda 20,61M The Legend of Zelda: Tears of the Kingdom
45%
Sonic 22M Sonic the Hedgehog
42%
Pokémon 25,92M Pokémon Épée et Bouclier
38%
The Legend of Zelda 8,69M The Legend of Zelda: Twilight Princess
37%
Pokémon 22,66M Pokémon Écarlate et Violet
32%
Super Mario 26,44M Super Mario Odyssey
31%
Sonic 7,55M Sonic the Hedgehog 2
28%
Super Mario 20,61M Super Mario World
17%
The Legend of Zelda 6,51M The Legend of Zelda
17%
Super Mario 30,80M New Super Mario Bros
16%
Super Mario 30,22M New Super Mario Bros. Wii
14%
Fire Emblem 2,94M Fire Emblem : Three Houses
9%
Fire Emblem 1,79M Fire Emblem: Awakening
6%
Kirby 5,13M Kirby's Dream Land
6%
Sonic 3,41M Sonic Heroes
5%
Fire Emblem 1,61M Fire Emblem Engage
4%
Sonic 3,5M Sonic Frontiers
4%
Fire Emblem 1,84M Fire Emblem Fates
3%
Kirby 6,46M Kirby et le monde oublié
3%
Kirby 3,98M Kirby Star Allies
3%
Sonic 4M Sonic 3 & Knuckles
3%
Kirby 2,65M Kirby: Triple Deluxe
2%
Kirby 2,99M Kirby Super Star Ultra
1%
Fire Emblem 970K Fire Emblem: The Blazing Blade
0%
Aucun quiz correspondant
Distribution des résultats
% des personnes avec chaque résultat
Percentile par nombre de réponses
Votre historique - résultats
Vous n’avez pas pris ce quiz